00623nam a2200193Ia 4500008004100000020001800041082001200059100004400071245003400115250000800149260003700157300002300194500001900217600002000236650002000256942000700276952012900283999001700412240925s9999 xx 000 0 und d a9788120342712 a332 ARM aArmendariz, Beatriz ; Morduch, Jonathan 4aThe Economics of Microfinance a2nd aNew Delhi:bPHI Learningc,2010. a619p.b0fOriginal aIncludes Index aSocial Sciences aSocial Sciences cBK 001040708SSaUITUbUITUd2018-12-25eBismillah BookDepotg926.00l0o332 ARMpQ12717r2024-09-25 07:16:36w2024-09-25yBK c15216d15216